Basic radiology : a lange medical book

Bibliographic Details
Main Authors: Chen, Michael Y. M. (Author), Ott, David J. [ (David James)] , 1946- (Author), Pope, Thomas Lee (Author)
Format: Book
Language:English
Published: New York : McGraw-Hill Medical , 2011
Edition:2nd ed.
Subjects:

MARC

LEADER 00000cam a2200000 7i4500
001 0000073421
005 20211209093000.0
008 110608s2011 nyu eng
020 |a 0071627081 
020 |a 9780071627085 
050 0 0 |a RC78   |b .B34 2011 
060 1 0 |a WN 180   |b D5368 2011 
090 0 0 |a WN 180   |b D5368 2011 
245 0 0 |a Basic radiology :   |b a lange medical book   |c editors Michael Chen, Thomas L. Pope and David J.Ott 
250 |a 2nd ed. 
260 |a New York :   |b McGraw-Hill Medical ,   |c 2011 
300 |a ix, 396 p. :   |b ill. ;   |c 24 cm. 
504 |a Includes bibliographical references and index 
505 0 |a 1. Introduction -- 2. Chest -- 3. Bones and joints -- 4. Abdomen -- 5. Head and spine 
650 0 |a Diagnostic imaging 
650 0 |a Radiography, Medical 
650 1 2 |a Diagnostic Imaging   |x methods 
700 1 |a Chen, Michael Y. M. ,   |e author 
700 1 |a Ott, David J. [  |q (David James)] ,   |d 1946- ,   |e author 
700 1 |a Pope, Thomas Lee ,   |e author 
999 |a 1000140321   |b Book   |c OPEN SHELF (30 DAYS)   |e Medical Campus